Samostatnosť ako princíp

Bibliographic Details
Main Author: Brindza, Juraj (Author)
Format: Article
Language:Slovak
PhysicalDescription:Obr. 3
Subjects:

MARC

LEADER 00000nab a2200000 a 4500
001 vtls000495975
003 SK-MaSNL
005 20260304080847.0
008 250424c1993 xo 0 slo
015 |a SNBRB19rr/mm-uuuuu 
035 |a CL0496113 
035 |a urn:nbn:sk:snk-abd2cx 
035 |a (urnnbn)urn:nbn:sk:snk:ar-007eyd 
035 |a (uuid)00b04ace-3144-4594-9ff1-8209581b5f64 
040 |a SNKBUCL  |b slo  |c SNKBUCL  |e AACR2 
041 0 |a slo 
044 |a xo  |c SK 
080 |a 379.83  |2 1981 
100 1 |a Brindza, Juraj  |4 aut  |9 1368700 
245 1 0 |a Samostatnosť ako princíp  |c Juraj Brindza 
300 |b Obr. 3 
650 0 7 |a organizácie detí a mládeže  |2 snkbucl  |9 75880 
655 7 |a články z novín a časopisov  |2 snkbucl  |9 267496 
773 0 |t Vychovávateľ  |g Roč. 37, č. 9-10 (1993), s. 20-22 
850 |a Slovenská národná knižnica 
852 |a Slovenská národná knižnica 
954 |a odborná, vedecká literatúra pôvodná (slovenská)  |2 lita 
958 |a article17 
958 |a RK 
958 |a OND 
958 |a EUIPO 
992 |a RBX 
999 |c 2788421  |d 2790351